000 01865cam a2200421Ii 4500
001 9780203126608
008 180706s2012 enk ob 001 0 eng d
020 _a9780203126608
_q(e-book : PDF)
020 _a9781136457142
_q(e-book: Mobi)
020 _a9781136457180
_q(e-book: ePub)
020 _a9781136457197
_q(e-book: PDF)
020 _z9780415688628
_q(hardback)
020 _z9780415724241
_q(paperback)
024 7 _a10.4324/9780203126608
_2doi
040 _aKO
_beng
041 0 _aeng
082 0 4 _a363.287
_bM342
245 0 0 _aMaritime private security :
_bmarket responses to piracy, terrorism and waterborne security risks in the 21st century /
_cedited by Claude Berube and Patrick Cullen.
264 1 _aAbingdon, Oxon :
_bRoutledge,
_c2012.
300 _a1 online resource (xix, 249 pages)
490 1 _aCASS series : naval policy and history ;
_v48
504 _aIncludes bibliographical references (pages [224]-240) and index.
505 0 _apt. 1. The historical and contemporary market in maritime private security services -- pt. 2. The emergence of private anti-piracy escorts in the commercial sector -- pt. 3. The privatization of Coast Guard services -- pt. 4. Private security responses to maritime terrorism -- pt. 5. Conclusions and future directions.
650 0 _aMerchant marine
_xSecurity measures.
650 0 _aPrivate security services.
650 0 _aArmed merchant ships.
650 0 _aShipping
_xSecurity measures.
650 0 _aPiracy
_xPrevention.
650 0 _aMaritime terrorism
_xPrevention.
700 1 _aBerube, Claude G.,
_d1966-
700 1 _aCullen, Patrick,
_d1974-
830 0 _aCass series--naval policy and history ;
_v48.
856 4 0 _uhttps://www.taylorfrancis.com/books/9781136457197
_zClick here to view.
904 _aRUDRA_R
905 _aR_RANJAN
942 _2 ddc
_cEB
999 _c3115
_d3115